La invisible victoria: campañas electorales y democracia en Chile

Guardat en:
Dades bibliogràfiques
Autor principal: Tironi Barrios, Eugenio (Autor)
Format: Llibre
Idioma:espanyol
Publicat: Santiago SUR 1990
Matèries:
Etiquetes: Afegir etiqueta
Sense etiquetes, Sigues el primer a etiquetar aquest registre!

MARC

LEADER 00000nam a2200000 a 4500
001 UCX3401
003 CL-VaPUC
008 911104e19900000CL |||||||||||||||||spa|d
082 0 4 |a 303  |b TIR  |2 21 
100 0 |a Tironi Barrios, Eugenio  |e author  |9 319555 
245 1 3 |a La invisible victoria: campañas electorales y democracia en Chile 
300 |a 110 p 
942 |c BK 
945 |d 19911104 00:00:00 
260 |a Santiago  |b SUR  |c 1990 
650 0 |a Democracia  |9 255256 
650 0 |a Aspectos sociales  |9 254894 
651 7 |a CHILE  |2 CL-VaPUC  |9 319556 
583 |a last modification  |c 20170808 01:38:44  |k Rodrigo Vera 
999 |c 224170  |d 224168 
952 |0 0  |1 0  |4 0  |6 303_000000000000000_TIR_1990  |7 0  |8 A  |9 220631  |a BIBGIM  |b BIBGIM  |d 2019-11-15  |i 2893622  |o 303 TIR 1990  |p 2893622  |r 2025-01-15  |w 2019-11-15  |y BK  |k SSL